The one minute manager / (Record no. 48482)
[ view plain ]
| 000 -LEADER | |
|---|---|
| fixed length control field | 00603cam a22002171a 4500 |
| 001 - CONTROL NUMBER | |
| control field | 113953 |
| 005 - DATE AND TIME OF LATEST TRANSACTION | |
| control field | 20191021100739.0 |
| 008 - FIXED-LENGTH DATA ELEMENTS--GENERAL INFORMATION | |
| fixed length control field | 040914s1982 nyu 00010 eng d |
| 020 ## - INTERNATIONAL STANDARD BOOK NUMBER | |
| International Standard Book Number | 0425062651 (pbk.) |
| 040 ## - CATALOGING SOURCE | |
| Original cataloging agency | MnSB |
| Transcribing agency | MnSLN |
| Modifying agency | MnSLN |
| 100 10 - MAIN ENTRY--PERSONAL NAME | |
| Personal name | Blanchard, Kenneth. |
| 245 14 - TITLE STATEMENT | |
| Title | The one minute manager / |
| Statement of responsibility, etc | Kenneth Blanchard, Spencer Johnson. |
| 260 0# - PUBLICATION, DISTRIBUTION, ETC. (IMPRINT) | |
| Place of publication, distribution, etc | New York : |
| Name of publisher, distributor, etc | Berkley Books, |
| -- | Wm Morrow & Co. |
| Date of publication, distribution, etc | 1981, c1982. |
| 300 ## - PHYSICAL DESCRIPTION | |
| Extent | 111 p. ; |
| Dimensions | 21 cm. |
| 336 ## - CONTENT TYPE | |
| Content Type Term | text |
| 337 ## - MEDIA TYPE | |
| Media Type Term | unmediated |
| 338 ## - CARRIER TYPE | |
| Carrier Type Term | volume |
| 650 #0 - SUBJECT ADDED ENTRY--TOPICAL TERM | |
| Topical term or geographic name as entry element | Management. |
| 700 10 - ADDED ENTRY--PERSONAL NAME | |
| Personal name | Johnson, Spencer. |
| 942 ## - ADDED ENTRY ELEMENTS (KOHA) | |
| Source of classification or shelving scheme | Library of Congress Classification |
| Item type | Books |
| Withdrawn status | Lost status | Source of classification or shelving scheme | Damaged status | Not for loan | Home library | Current library | Shelving location | Date acquired | Inventory number | Total Checkouts | Full call number | Barcode | Date last seen | Price effective from | Koha item type |
|---|---|---|---|---|---|---|---|---|---|---|---|---|---|---|---|
| Library of Congress Classification | BSOP Library | BSOP Library | GC | 10/21/2019 | 8491 | HD31 B59 | 00021739 | 10/21/2019 | 10/21/2019 | Books |
